000 00401nam a2200169Ia 4500
008 230711s9999||||xx |||||||||||||| ||und||
041 _aENG
082 _a720
_bGO-R
100 _aGoodman,Raymond J
245 0 _aRetirement facilities
250 _a1st Ed.
260 _c1992
_aNew Jersy
_bBatsford Ltd Books
300 _a192
650 _aArchitecture
700 _aSmith,Douglas G.
942 _cBK
999 _c3340
_d3340